Detalles MARC
| 000 -LIDER |
| fixed length control field |
05695nam a22002777a 4500 |
| 003 - IDENTIFICACDOR DE NÚMERO DE CONTROL |
| control field |
DO-SdBNP |
| 005 - DATE AND TIME OF LATEST TRANSACTION |
| control field |
20211123103722.0 |
| 007 - CAMPOS FIJOS DE DESCRIPCIÓN FÍSICA |
| fixed length control field |
ta |
| 008 - ELEMENTOS DE LONGITUD FIJA |
| fixed length control field |
210415e2020 dr abc|fr|||| 001 0dspa d |
| 020 ## - ISBN |
| International Standard Book Number |
9789945926217 |
| 040 ## - FUENTE DE CATALOGACIÓN |
| Agencia que crea de manera original el registro |
DO-SdBNP |
| Idioma de catalogación |
spa |
| Agencia que realiza la transcripción |
BPMSU |
| 041 ## - CÓDIGOS DE OBRAS TRADUCIDAS O EN VARIOS IDIOMAS |
| Cód. del idioma original y/o traducciones intermedias del texto |
|
| 082 ## - NÚMERO DE CLASIFICACIÓN DECIMAL DE DEWEY |
| Classification number |
618.92 |
| Item number |
M863c 2020 |
| Edition number |
22 |
| 100 1# - ASIENTO PRINCIPAL -- NOMBRE PERSONAL |
| Nombre personal |
Morla Báez , Elbi |
| 245 10 - MENCIÓN DE TITULO |
| Título |
Crecimiento y desarrollo : |
| Subtítulo |
desde la concepción hasta la adolescencia / |
| Mención de responsabilidad |
Elbi Morla , Báez ; prólogo Haydeé Rondón , |
| 260 ## - PUBLICACIÓN, DISTRIBUCIÓN, ETC. (PIE DE IMPRENTA) |
| Lugar de publicación, distribución, etc |
Santo Domingo : |
| Nombre del editor, distribuidor, etc. |
(INTEC) , |
| Fecha de publicación, distribución, etc |
2020 |
| 300 ## - DESCRIPCIÓN FÍSICA |
| Extensión |
vii , 133 p. ; |
| Dimensiones |
23 cm. |
| Otros detalles físicos |
|
| 505 0# - NOTA DE CONTENIDO |
| Texto normalizado de contenido |
GENERALIDADES SOBRE CRECIMIENTO Y DESARROLLO 13 -- Crecimiento 13 -- Desarrollo 14 -- Maduración 14 --Crecimiento y desarrollo como procesos simultáneos. Sus disociaciones 15 -- Medición del crecimiento y desarrollo 17 --Crecimiento y riesgos para la salud 17 -- CAPÍTULO 2 FACTORES QUE INFLUYEN EN EL CRECIMIENTO Y DESARROLLO 19 -- Genética: el factor determinante 20 -- Influencia endocrina 24 -- Hormona del crecimiento 25 -- Insulina 25 -- Hormonas tiroideas 25 -- Hormonas sexuales 26 --Paratohormona, Calcitonina y Vitamina D 26 -- Hormona antidiurética 26 -- Glucocorticoides y mineralocorticoides 26 -- Factor metabólico 27 -- Influencia del ambiente en el crecimiento y desarrollo 29 -- Factores nutricionales 29 -- Ambiente físico 29 -- Ambiente psicoafectivo 30 -- Factores socioeconómicos y culturales 30 -- El clima 31 -- CAPÍTULO 3 LA NUTRICIÓN EN El CRECIMIENTO Y DESARROLLO 33 -- Tipos de nutrientes 33 -- Requerimientos y recomendaciones 34 -- Requerimientos hídricos 34 -- Los carbohidratos 34 -- Función de las proteínas 35 -- Las grasas 36 -- Los nucleótidos 36 -- Los minerales 37 -- Los oligoelementos 37 -- Las vitaminas 38 -- La leche materna 38 -- La OMS y el UNICEF recomiendan: 38 -- La nutrición fetal 40 -- La nutrición en los primeros dos años de vida 41 -- La nutrición en el preescolar y el escolar 42 -- La nutrición en la adolescencia 43 -- La nutrición en situaciones especiales 43 -- Nutrición y períodos de riesgo 44 -- Nutrición y sistema nervioso central 45 -- Guía para la alimentación de 0-5 años 46 --PERÍODOS DE CRECIMIENTO 49 -- Crecimiento prenatal 49 -- Período fetal 51 -- Factores de riesgos que interfieren con el crecimiento y desarrollo in útero. 52 -- Factores preconcepcionales: 52 -- Factores concepcionales 53 -- Pequeño para la edad gestacional 54 -- Crecimiento futuro del niño con RCIU 54 -- RCIU y morbilidad 55 -- Causas de RCIU 55 -- Recién nacido a término, pretérmino y postérmino 56 -- El crecimiento postnatal 60 --Tendencia secular del crecimiento 61 -- EVALUACIÓN DEL CRECIMIENTO Y DESARROLLO FETAL 63 -- Métodos clínicos 63 -- Ultrasonido 65 -- Pruebas de madurez fetal pulmonar índice de lecitina/esfingomielina 66 -- Determinación de fosfatidilglicerol 66 -- Prueba TDX-FLM (Relación Surfactante/Albumina) 67 -- Recuento de cuerpos lamelares 67 -- Test de Clements 67 -- Recomendaciones 68 -- VARIABLES ANTROPOMÉTRICAS DE MÁS UTILIDAD EN PEDIATRÍA 69 -- El Peso Corporal 70 -- La estatura 71 -- Relación Peso/Talla 73 -- Predicción de la Talla 74 -- Estatura final esperada según fórmula de Tanner 75 -- Estatura final según el Método de Baylee-Pinneau -- 75 La circunferencia cefálica 75 -- Otras dimensiones antropométricas 77 -- Dimensiones antropométricas y el sexo 78 -- CURVAS DE CRECIMIENTO 81 -- La curva normal 81 -- Desviaciones estándares y percentiles 82 -- Canales de crecimiento 83 -- Curvas de crecimiento 84 -- Patrones de referencia 85 -- El niño que crece bien o mal 86 -- Observando el crecimiento de la cabeza 86 -- DESARROLLO PSICOMOTOR 89 -- Desarrollo psicomotor de tres a seis meses de edad 90 -- Desarrollo psicomotor de 9 a 12 meses de edad 91 -- El desarrollo psicomotor a los 3 años. 94 -- El desarrollo psicomotor a los 4 años 95 -- Evaluación del desarrollo psicomotor 96 -- DESARROLLO DENTAL 97 -- Los dientes 98 -- Clasificación de los dientes 99 -- Tejidos dentarios 100 -- Importancia de los dientes 101 -- Edad dental 101 -- Salud dental 101 -- Prevención de la caries dental 102 -- LA MADURACIÓN ESQUELÉTICA O EDAD ÓSEA 105 --Factores que intervienen en la maduración esquelética 105 -- ¿Cómo se determina la edad ósea? 106 -- Método de Tanner-Whitehouse 106 -- Método de Greulich y Pyle 106 -- Variaciones normales de la edad ósea 108 -- Edad ósea anormal 109 -- DESARROLLO SEXUAL 111 -- Primera etapa del desarrollo sexual: formación de los genitales internos y externos 112 -- Segunda etapa del desarrollo sexual: identificación sexual 114 -- Preparación para la pubertad 115 -- La pubertad 116 -- Las menstruaciones de las adolescentes 117 -- El orquidómetro para la evaluación testicular 117 -- LA ADOLESCENCIA 119 -- Cambios físicos que experimentan los adolescentes 120 --También durante la adolescencia se experimentan cambios psicológicos 121 -- ACTIVIDAD DE UNA CLÍNICA DEL CRECIMIENTO Y DESARROLLO 129 -- Evaluación del progreso del crecimiento 130 -- Examen físico general 130 -- Evaluación del desarrollo psicomotor 130 -- Discutir el plan de alimentación 130 -- Inmunizaciones 131 -- Medidas higiénicas o preventivas en salud 131 -- Integrar a la madre al uso apropiado de la tarjeta de salud del niño 132 -- Satisfacer todas las dudas y cuestionamientos de las madres 132 -- Investigación 132 -- Integración de la comunidad 132 |
| 590 ## - NOTA LOCAL |
| Enlace |
Inventariado, 2021/VM |
| 650 #4 - ENCABEZAMIENTO DE MATERIA--TEMÁTICO |
| Término temático o nombre geográfico como elemento de entrada |
Endocrinología pediátrica |
| Fuente del encabezamiento o término |
|
| 650 #4 - ENCABEZAMIENTO DE MATERIA--TEMÁTICO |
| Término temático o nombre geográfico como elemento de entrada |
Desarrollo infantil |
| 700 1# - ASIENTO SECUNDARIO -- NOMBRE PERSONAL |
| Nombre personal |
Rondón , Haydeé , |
| Mención de responsabilidad |
pról. |
| 710 2# - ASIENTO SECUNDARIO -- NOMBRE CORPORATIVO |
| Nombre corporativo o de jurisdicción |
Instituto Tecnológico de Santo Domingo |
| 910 ## - VALIDACIÓN |
| Validación |
VMateo V. |
| 942 ## - ADDED ENTRY ELEMENTS (KOHA) |
| Source of classification or shelving scheme |
Dewey Decimal Classification |
| Koha item type |
Libros |